Economic change in China, c. 1800-1950 / (Record no. 63926)
[ view plain ]
| 000 -LEADER | |
|---|---|
| fixed length control field | 01410cam a22003254a 4500 |
| 001 - CONTROL NUMBER | |
| control field | 1212221 |
| 003 - CONTROL NUMBER IDENTIFIER | |
| control field | BD-DhUL |
| 005 - DATE AND TIME OF LATEST TRANSACTION | |
| control field | 20160512115427.0 |
| 008 - FIXED-LENGTH DATA ELEMENTS--GENERAL INFORMATION | |
| fixed length control field | 990202s1999 enkab b 001 0 eng |
| 010 ## - LIBRARY OF CONGRESS CONTROL NUMBER | |
| LC control number | 99012835 |
| 020 ## - INTERNATIONAL STANDARD BOOK NUMBER | |
| International Standard Book Number | 0521635713 (pbk.) |
| 040 ## - CATALOGING SOURCE | |
| Original cataloging agency | DLC |
| Transcribing agency | DLC |
| Modifying agency | BD-DhUL |
| 050 00 - LIBRARY OF CONGRESS CALL NUMBER | |
| Classification number | HC427 |
| Item number | .R45 1999 |
| 082 00 - DEWEY DECIMAL CLASSIFICATION NUMBER | |
| Classification number | 330.951 |
| Item number | RIE |
| 100 1# - MAIN ENTRY--PERSONAL NAME | |
| Personal name | Richardson, Philip. |
| 245 10 - TITLE STATEMENT | |
| Title | Economic change in China, c. 1800-1950 / |
| Statement of responsibility, etc. | by Philip Richardson. |
| 260 ## - PUBLICATION, DISTRIBUTION, ETC. (IMPRINT) | |
| Place of publication, distribution, etc. | Cambridge : |
| Name of publisher, distributor, etc. | Cambridge University Press, |
| Date of publication, distribution, etc. | c1999. |
| 300 ## - PHYSICAL DESCRIPTION | |
| Extent | xii, 117 p. : |
| Other physical details | ill. maps ; |
| Dimensions | 23 cm. |
| 365 ## - TRADE PRICE | |
| Price type code | GBP |
| Price amount | 8.95 |
| 440 #0 - SERIES STATEMENT/ADDED ENTRY--TITLE | |
| Title | New studies in economic and social history |
| 504 ## - BIBLIOGRAPHY, ETC. NOTE | |
| Bibliography, etc | Includes bibliographical references and index. |
| 651 #0 - SUBJECT ADDED ENTRY--GEOGRAPHIC NAME | |
| Geographic name | China |
| General subdivision | Economic conditions. |
| 651 #0 - SUBJECT ADDED ENTRY--GEOGRAPHIC NAME | |
| Geographic name | China |
| General subdivision | Economic policy. |
| 856 42 - ELECTRONIC LOCATION AND ACCESS | |
| Materials specified | Book review (H-Net) |
| Uniform Resource Identifier | http://www.h-net.org/review/hrev-a0b6m8-aa |
| 856 41 - ELECTRONIC LOCATION AND ACCESS | |
| Materials specified | Sample text |
| Uniform Resource Identifier | http://www.loc.gov/catdir/samples/cam032/99012835.html |
| 856 42 - ELECTRONIC LOCATION AND ACCESS | |
| Materials specified | Publisher description |
| Uniform Resource Identifier | http://www.loc.gov/catdir/description/cam029/99012835.html |
| 856 41 - ELECTRONIC LOCATION AND ACCESS | |
| Materials specified | Table of contents |
| Uniform Resource Identifier | http://www.loc.gov/catdir/toc/cam021/99012835.html |
| 942 ## - ADDED ENTRY ELEMENTS (KOHA) | |
| Source of classification or shelving scheme | |
| Koha item type | Books |
| Price effective from | Date last seen | Permanent Location | Not for loan | Date acquired | Source of classification or shelving scheme | Koha item type | Lost status | Withdrawn status | Copy number | Source of acquisition | Collection code | Damaged status | Shelving location | Barcode | Current Location | Full call number |
|---|---|---|---|---|---|---|---|---|---|---|---|---|---|---|---|---|
| 2016-05-12 | 2016-05-12 | Dhaka University Library | 2002-09-19 | Books | 1 | Purchased | Non Fiction | General Stacks | 397554 | Dhaka University Library | 330.951 RIE | |||||
| 2016-05-12 | 2016-05-12 | Dhaka University Library | 2002-09-19 | Books | 2 | Purchased | Non Fiction | General Stacks | 398250 | Dhaka University Library | 330.951 RIE |
